Nenaučíš sa variť čítaním receptov

Podnikateľská univerzita spája úspešných podnikateľov, majiteľov výrobných, vývojových či poľnohospodárskych firiem, manažérov domácich i medzinárodných spoločností. Namiesto skúšok robia účastníci na projektoch zlepšenia svojich firiem. Učiteľmi sú úspešní podnikatelia, ich heslom je: učíme sa podn...

Ausführliche Beschreibung

Gespeichert in:
Bibliographische Detailangaben
1. Verfasser: Košturiak, Ján
Format: Buchkapitel
Sprache:Slowakisch
Schlagworte:
Tags: Tag hinzufügen
Keine Tags, Fügen Sie das erste Tag hinzu!

MARC

LEADER 00000naa a2200000 4500
001 0269557
005 20201027154814.2
041 0 |a slo 
044 |a SK 
245 1 0 |a Nenaučíš sa variť čítaním receptov  |c Ján Košturiak 
520 |a Podnikateľská univerzita spája úspešných podnikateľov, majiteľov výrobných, vývojových či poľnohospodárskych firiem, manažérov domácich i medzinárodných spoločností. Namiesto skúšok robia účastníci na projektoch zlepšenia svojich firiem. Učiteľmi sú úspešní podnikatelia, ich heslom je: učíme sa podnikaním, nie čítaním receptov. 
610 2 0 |a podnikatelia 
610 2 0 |a vzdelávanie 
610 2 0 |a univerzity 
610 2 0 |a teória a prax 
100 1 |a Košturiak, Ján